000 00835nam a2200229 a 4500
001 000019357
005 20200929170007.0
008 100626s1970 cu a r 000 | spa d
040 _aDO-SdBNP
_bspa
_cBNPHU
082 _a868.99231
_bR311t
245 0 0 _aRecopilación de textos sobre José Lezama Lima.
260 _aLa habana :
_bCasa de las Américas,
_c1970.
300 _a375 p. :
_bil., ;
_c23 cm.
490 1 _aSerie valoración multiple
500 _aIncluye referencia biográfica del autor en la contracubierta.
504 _aIncluye referencias bibliográficas y notas al pie de las páginas.
600 0 4 _aLEZAMA LIMA, JOSÉ
_d1910-1976
_xBIOGRAFÍA
_941594
650 4 _aRecopilación de información
_935415
650 4 _aRecopilación de datos
_935414
830 0 _aSerie valoración multiple
_941595
049 _aBNGR
999 _c18874
_d18874